[Event "RUS-chT Blitz Men 2018"]
[Site "Sochi"]
[Date "2018.10.10"]
[Round "11"]
[White "Grachev, Boris"]
[Black "Lysyj, Igor"]
[Result "1/2-1/2"]
[WhiteElo "2626"]
[BlackElo "2631"]
[Annotator "TA"]
[PlyCount "19"]
[EventDate "2018.10.10"]
[EventType "swiss"]
[EventCountry "RUS"]
[SourceTitle "playchess.com"]
[Source "ChessBase"]
[SourceQuality "1"]

{[%evp 15,19,-7,-10,-32,-25,-65]} 1. d4 d5 2. Bf4 c5 3. e3 Nc6 4. c3 Bf5 (4... Nf6 5. Nd2 Bf5 6. Ngf3 e6 7. Nh4 Be4 8. Nhf3 Bf5 9. Nh4 Be4 10. Qb3 Qc8 11. Nhf3 Bf5 12. Be2 Be7 13. O-O O-O 14. h3 h6 15. Rfe1 c4 16. Qd1 b5 {1-0 (66) Grachev,B (2626)-Najer,E (2663) Moscow 2018}) 5. Qb3 Qd7 6. Nf3 {D00: 1 d4 d5: Unusual lines} e6 7. Nbd2 cxd4 8. exd4 f6 {LiveBook: 15 Games} 9. h3 g5 10. Be3 $146 ({Predecessor:} 10. g4 Bg6 11. Bg3 h5 12. gxh5 Rxh5 13. Be2 {0-1 (29) Esteban Romo,F (2056)-Suarez Gomez,J (2487) Sanxenxo 2018}) 1/2-1/2

[Event "RUS-chT Blitz Men 2018"]
[Site "Sochi"]
[Date "2018.10.10"]
[Round "11"]
[White "Indjic, Aleksandar"]
[Black "Oganian, Miran"]
[Result "1-0"]
[WhiteElo "2604"]
[BlackElo "2435"]
[Annotator "TA"]
[PlyCount "135"]
[EventDate "2018.10.10"]
[EventType "swiss"]
[EventCountry "RUS"]
[SourceTitle "playchess.com"]
[Source "ChessBase"]
[SourceQuality "1"]

{[%evp 9,135,20,27,11,7,16,2,0,10,-17,0,0,5,0,0,20,21,-64,0,0,0,0,39,31,41,58,32,15,12,0,0,0,0,0,0,0,0,0,0,0,0,0,0,0,0,0,0,-18,237,237,195,107,125,104,144,83,90,87,91,96,191,197,277,291,274,159,221,0,0,0,0,0,0,0,6,14,9,16,64,4,5,4,6,7,4,5,6,10,85,0,0,0,77,0,170,162,12844,12843,12850,12843,12844,12843,12845,12845,12845,12846,12847,12847,12847,12847,12848,12848,12849,12849,12850,12849,12850,12849,12850,29986,29993,29987,29987,29988,29988,29977,29989,29990]} 1. d4 Nf6 2. Nf3 d5 3. c4 e6 4. Nc3 dxc4 5. e4 Bb4 6. Bxc4 {D24: Queen's Gambit Accepted: 3 Nf3 Nf6 4 Nc3} (6. Bg5 {seems wilder.} c5 7. Bxc4 cxd4 8. Nxd4 Qa5 9. Bd2) 6... Nxe4 7. O-O Nxc3 (7... Nf6 8. Qa4+ Nc6 9. Ne5 Rb8 10. d5 exd5 11. Nxd5 Nxd5 12. Nxc6 bxc6 13. Qxc6+ Qd7 14. Bxd5 {½-½ (28) Aronian,L (2764)-Caruana,F (2822) Stavanger 2018}) 8. bxc3 {The position is equal.} Be7 9. Re1 O-O 10. Ne5 Nc6 11. Qg4 Nxe5 12. dxe5 Kh8 13. h4 $146 (13. Re3 $11) ({Predecessor:} 13. Rd1 Qe8 {½-½ (36) Neelotpal,D (2424)-Perunovic,M (2619) Doha 2014}) 13... f5 ({Reject} 13... Bxh4 $6 14. Rd1 $14) (13... Bd7 $15) 14. exf6 $1 $11 Bxf6 15. Ba3 Be7 ({Don't play} 15... Bxc3 $6 16. Rad1 $16) 16. Rad1 Qe8 17. Bxe7 Qxe7 18. Re5 Bd7 19. Qg3 Rad8 20. Rde1 Rf6 21. h5 Rdf8 22. f3 Qd6 23. Qf2 a6 24. Bb3 Rf5 25. Rxf5 exf5 26. Rd1 Qe7 27. h6 Bc6 28. Qd4 (28. Re1 {is interesting.} Qf6 29. Qc5 Qd6 30. hxg7+ Kxg7 31. Re7+) 28... Qf6 $2 {[%mdl 8192]} (28... f4 $11) 29. Qxf6 $18 gxf6 {[%mdl 4096] Endgame KRB-KRB} 30. Bc2 (30. Kh2 $18) 30... f4 31. Bf5 Re8 32. Kf2 (32. Rd4 $142) 32... Kg8 $16 33. Rd4 Re5 34. Rxf4 Kf7 (34... Bd5 $16 {was worth a try.}) 35. g4 $18 ({Worse is} 35. Bxh7 Rh5 $11) 35... Ra5 (35... Re8 $142 36. Bxh7 Rh8) 36. Bxh7 Rxa2+ 37. Kg3 (37. Ke3 $18) 37... Ra1 $16 38. g5 $2 (38. Bd3 $18) 38... Rg1+ $11 39. Kf2 Rxg5 40. Bf5 Rh5 41. h7 {[#] Black must now prevent Rg4.} Bd5 42. Rg4 {Threatens to win with Bg6+.} Kf8 $1 $132 {[%mdl 2048] Black puts up resistance} 43. Rd4 Bf7 44. Rd7 (44. Kg3 $14) 44... a5 45. Rxc7 a4 $1 46. Rxb7 {[#] And now Ra7 would win.} a3 $1 47. Ra7 a2 48. Bd3 {c4 is the strong threat.} Kg7 (48... f5 $1 $11) 49. Kg2 Rg5+ 50. Kf2 {Strongly threatening c4.} Rh5 51. Kg3 ({White should play} 51. c4 $16) 51... Kh8 $2 (51... Rh1 $11 {and Black stays safe.} 52. Ra8 Bd5 53. h8=Q+ Rxh8 54. Ra7+ Bf7) 52. c4 $18 Bxc4 $2 (52... f5 53. Rxa2 Kxh7) 53. Bxc4 Rxh7 54. Rxa2 {KRB-KR} Rd7 55. Be6 Rd6 56. Bf5 Kg7 57. Kg4 Rd4+ 58. f4 Rd1 59. Ra7+ Kf8 60. Be6 Ke8 61. Kf5 Rd4 62. Rh7 Rb4 63. Rd7 Kf8 64. Kxf6 {[%cal Rd7d8]} Rxf4+ {White mates.} 65. Bf5 {[%cal Rd7d8]} Ke8 66. Rd6 Rf2 67. Re6+ Kd8 68. Rc6 {Precision: White = 55%, Black = 41%.} 1-0

[Event "RUS-chT Blitz Men 2018"]
[Site "Sochi"]
[Date "2018.10.10"]
[Round "11"]
[White "Chigaev, Maksim"]
[Black "Dubov, Daniil"]
[Result "1/2-1/2"]
[WhiteElo "2599"]
[BlackElo "2703"]
[Annotator "TA"]
[PlyCount "91"]
[EventDate "2018.10.10"]
[EventType "swiss"]
[EventCountry "RUS"]
[SourceTitle "playchess.com"]
[Source "ChessBase"]
[SourceQuality "1"]

{[%evp 13,91,8,11,5,0,0,0,0,6,0,0,-12,17,10,14,-2,28,0,0,-38,11,0,-3,-14,0,0,73,-69,0,0,0,-6,0,0,17,14,14,14,14,14,14,14,14,14,19,0,0,-15,-15,-15,-4,-4,0,0,19,19,17,16,16,16,30,30,30,30,30,17,37,11,11,0,0,0,0,0,0,0,0,0,7,0]} 1. e4 c5 2. Nf3 Nc6 3. Bb5 g6 4. Bxc6 dxc6 5. d3 Bg7 6. h3 Nf6 7. Nc3 Qc7 {LiveBook: 12 Games} 8. e5 $146 {B31: Sicilian: 2...Nc6 3 Bb5 g6} ({Predecessor:} 8. Be3 b6 9. Qd2 e5 10. Bh6 O-O 11. g4 Be6 12. Ne2 c4 13. Bxg7 Kxg7 14. g5 Nd7 15. d4 exd4 16. Nfxd4 {1-0 (31) Karthikeyan,M (2617)-Srijit,P (2347) Kolkata 2018}) 8... Nd5 9. O-O Nxc3 10. bxc3 O-O 11. Bf4 Be6 12. Qd2 Rad8 13. Qe3 c4 14. d4 c5 15. dxc5 Rd5 16. Rfe1 Rfd8 17. Nd4 Qxc5 18. a4 b6 19. h4 h5 (19... Qc8 $11) 20. Rab1 ({White should play} 20. Nxe6 $16 Qxe3 21. Bxe3 fxe6 22. f4) 20... Qc8 (20... Bd7 $1 $15) 21. Rb5 $11 Kh7 22. Ra1 Qd7 23. Rab1 Bf5 {[%cal Rd5d4]} (23... Ra8 {is more complex.} 24. Bg3 Rxb5 25. axb5 Bd5 26. f3 a6) 24. a5 Rxb5 25. Rxb5 {[#]} Bxc2 $1 {[%mdl 512]} 26. axb6 (26. Nxc2 Qxb5) 26... axb6 27. Rxb6 Bf5 28. Qf3 Qd5 29. Qxd5 Rxd5 30. Rb5 (30. Nxf5 {is interesting.} gxf5 31. Rc6 Bxe5 32. Bxe5 Rxe5 33. Rxc4 Re1+ 34. Kh2) 30... Rxb5 31. Nxb5 {[%mdl 4096] Endgame KBB-KBN} f6 32. exf6 Bxf6 33. Bg5 Be5 34. Bxe7 Bd7 35. Nd4 (35. Nd6 {is more complex.} Bxc3 36. Nxc4 Bb5 37. Nd6 Bd3 38. Nb7) 35... Bxd4 36. cxd4 {KB-KB} Bc6 37. f3 Kg7 38. Kf2 Kf7 39. Bg5 Ke6 40. Ke3 Kd5 {The position is equal.} 41. Bf6 Bb5 42. Kd2 Bd7 43. Kc3 Be6 44. Bg5 Bf5 45. Bf6 Be6 46. Bg5 {Precision: White = 40%, Black = 56%.} 1/2-1/2

[Event "RUS-chT Blitz Men 2018"]
[Site "Sochi"]
[Date "2018.10.10"]
[Round "11"]
[White "Rozum, Ivan"]
[Black "Alekseev, Evgeny"]
[Result "0-1"]
[WhiteElo "2573"]
[BlackElo "2620"]
[Annotator "TA"]
[PlyCount "116"]
[EventDate "2018.10.10"]
[EventType "swiss"]
[EventCountry "RUS"]
[SourceTitle "playchess.com"]
[Source "ChessBase"]
[SourceQuality "1"]

{[%evp 11,116,20,27,7,13,9,17,12,22,5,27,0,0,2,0,5,-2,-2,0,0,0,-90,-75,-89,0,-78,0,-58,-74,-62,-66,-87,-81,-111,-84,-165,-127,-202,-134,-161,-92,-227,-89,-252,0,0,0,0,0,-8,0,0,21,0,25,25,104,104,365,371,162,233,983,11,15,16,1193,0,0,0,0,-3,-3,-131,0,0,0,-164,0,-516,-502,-480,-479,-402,-260,-260,-132,-132,-132,-212,-212,-212,-212,-212,-212,-266,-266,-29983,-29984,-29984,-29985,-29985,-29986,-29986,-29987,-29987,-29988]} 1. d4 e6 2. c4 b6 3. a3 Bb7 4. Nc3 f5 5. d5 Nf6 6. g3 Bd6 7. Bg2 {A40: Unusual replies to 1 d4} O-O (7... a5 8. Nh3 O-O 9. O-O Na6 10. e4 Be5 11. exf5 Bxc3 12. bxc3 exf5 13. Be3 Ne4 14. Bxe4 fxe4 {1-0 (36) Navara,D (2737)-Hou,Y (2666) Biel 2017}) 8. Nf3 Na6 {[%cal Bb8a6,Ba6c5,Bc5e4][%mdl 32]} 9. O-O {The position is equal.} Nc5 $1 10. Nd4 Qe7 11. b4 Nce4 12. Bb2 $146 ({Predecessor:} 12. Ncb5 c5 13. dxc6 dxc6 14. Nxd6 Qxd6 {½-½ (52) Grigore,G (2445)-Khachiyan,M (2400) Bucharest 1995}) 12... Nxc3 13. Bxc3 {next c5! is good for White.} Ne4 14. Bb2 exd5 15. cxd5 Bxd5 16. Rc1 (16. f3 $11 {keeps the balance.} Nxg3 17. hxg3 Bxg3 18. Nc2) 16... c6 $36 {[%mdl 2048] Black is in control.} 17. Qd3 {Black should prevent f3.} g6 {[#]} ({Black should play} 17... Rae8 $17) 18. Rfd1 (18. Nb5 $1 $11 {[%mdl 512]} Be5 (18... cxb5 19. Qxd5+) 19. Bxe5 Qxe5 20. f4) 18... Rae8 {[#]} (18... Be5 $17) 19. b5 (19. Nb5 $1 $11 {[%mdl 512]}) 19... Bc5 $1 $15 20. e3 h6 21. a4 Kh7 22. h4 Qf7 23. Ra1 (23. Qc2 $17 {might work better.}) 23... Re7 24. a5 (24. Ba3 $17) 24... Rfe8 {Hoping for ...Nxf2!} 25. axb6 axb6 (25... Bxb6 $19 26. Bxe4 Bxe4) 26. Ra7 (26. bxc6 $17 {was worth a try.} dxc6 27. Qc2) 26... Nxf2 (26... cxb5 $19 {has better winning chances.} 27. Qc2 b4) 27. Kxf2 $2 (27. Bxd5 $17 Nxd3 28. Bxf7 Nxb2 29. Bxe8 Nxd1 30. bxc6 dxc6 31. Rxe7+ Bxe7 32. h5) 27... Rxe3 $2 (27... Bc4 $1 $19 {[%cal Rc4d3]} 28. Qb1 cxb5) 28. Bxd5 $11 Qxd5 29. Qxe3 Rxe3 30. Kxe3 cxb5 31. Rd3 g5 32. hxg5 hxg5 {And now ...Qg2 would win.} 33. Kd2 $1 {Strongly threatening Nf3.} Kg6 (33... Qg2+ $11 34. Ne2 Kh6) 34. Nf3 $1 $16 Qe4 $2 {[%mdl 8192]} (34... Bb4+ $16 35. Bc3 Bxc3+ 36. Kxc3 Qc5+ 37. Kb2 d6) 35. Raxd7 $18 f4 (35... b4 $142 36. Rd8 Be7) 36. Ne5+ Kh6 $2 (36... Kh5 37. gxf4 Qxf4+ 38. Kc2 Qa4+ 39. Kc1 Qf4+ 40. Rd2 Qf1+ 41. Kc2 Qf5+ 42. Kb3 Qe6+ 43. R2d5 Kh4) 37. Nf7+ $2 (37. g4 $18 {[%cal Rd3h3]} Qg2+ 38. Kc3) 37... Kh5 $11 38. gxf4 gxf4 $2 {[%mdl 8192]} (38... Qxf4+ $11 39. Kc2 Qf2+ 40. Kb3 Qf4) 39. Ne5 $2 ({Only move:} 39. R7d5+ $18 Kg6 40. Nh8+ Kh7 41. Rh3+ Kg8 42. Rg5+ Kf8 43. Bg7+ Ke7 44. Re5+ Qxe5 45. Bxe5) 39... Be3+ 40. Kc2 f3 41. Rf7 f2 42. Rf8 (42. Bc1 $1 $11 Bxc1 43. Kxc1) 42... Qh7 ({Black should try} 42... Bc5 $1 $17 {[%cal Rc5f8]} 43. Rh8+ Kg5 44. Nf3+ Kf5 45. Rh5+ Kg6 46. Rg5+ Kf7 47. Rg7+ Ke8) 43. Rf3 {Rh3+ is the strong threat.} Qe4 {Threatens to win with ...Qxf3!} 44. Rf8 $2 (44. Rh3+ $11 {and White stays safe.} Kg5 45. Rg3+ Kh5 46. Rh3+ Kg5 47. Rg3+ Kh4 48. Rgxe3 Qa4+ 49. Kd2) 44... Qh7 $2 (44... Bc5 $1 $19 {[%cal Rc5f8]} 45. Rh8+ Kg5 46. Nf3+ Kf5 47. Rh5+ Kg6) 45. Rf7 $2 {[%mdl 8192] [#]} (45. Kb1 $11 {and White has nothing to worry.}) 45... Qxf7 $1 $19 {[%mdl 512]} 46. Nxf7 f1=Q 47. Rxe3 {intending Re5+.} Qc4+ 48. Bc3 Qxf7 {[%mdl 4096] Endgame KQ-KRB} (48... Qa2+ $1 $19 49. Kd3 Qxf7) 49. Re5+ $17 Kg4 50. Re4+ (50. Rxb5 $17 Qa2+ 51. Kd3) 50... Kf3 $19 51. Rb4 Qd5 {aiming for ...Ke3.} 52. Rd4 Qc5 53. Rd3+ Ke4 {White must now prevent ...b4.} 54. Rd4+ $2 (54. Rh3 $19) 54... Qxd4 $1 {Black mates.} 55. Bxd4 Kxd4 56. Kb3 Kc5 57. Kc3 {[#]} b4+ $1 58. Kb3 {[#]} Kb5 $1 {Precision: White = 27%, Black = 25%.} 0-1

[Event "RUS-chT Blitz Men 2018"]
[Site "Sochi"]
[Date "2018.10.10"]
[Round "11"]
[White "Yuffa, Daniil"]
[Black "Khanin, Semen"]
[Result "0-1"]
[WhiteElo "2563"]
[BlackElo "2510"]
[Annotator "TA"]
[PlyCount "146"]
[EventDate "2018.10.10"]
[EventType "swiss"]
[EventCountry "RUS"]
[SourceTitle "playchess.com"]
[Source "ChessBase"]
[SourceQuality "1"]

{[%evp 17,146,27,54,25,20,-53,-6,-15,-27,-21,-9,-11,-14,-12,15,0,0,0,0,-8,8,0,0,0,0,0,0,0,0,-53,-42,-70,-31,-67,-70,-60,-52,-49,-43,-68,-70,-105,-92,-97,-52,-61,-22,-102,-97,-173,-150,-229,-229,-201,0,-231,-231,-231,-231,-231,-231,-231,-231,-271,-284,-268,-233,-454,-447,-439,-425,-401,-215,-516,-499,-434,-416,-778,-785,-734,-694,-2334,-2165,-1672,-1341,-3990,-3386,-2111,-1852,-2538,-2254,-29974,-29974,-29973,-29967,-29965,-29967,-29967,-29969,-29971,-29972,-29971,-29972,-5587,-5063,-4536,-3690,-1653,-1388,-4134,-644,-29971,-29972,-29976,-29977,-29976,-29978,-29982,-29978,-29978,-29979,-29978,-29980,-29976,-29977,-29983,-29984,-29984,-29985,-29986,-29987]} 1. d4 Nf6 2. c4 e6 3. g3 Bb4+ 4. Bd2 Bxd2+ 5. Qxd2 O-O 6. Bg2 d5 7. Nf3 Qe7 8. O-O Rd8 9. Qc2 Nc6 {LiveBook: 32 Games} 10. e3 {E11: Bogo-Indian} (10. cxd5 exd5 11. Rc1 Ne4 12. Nc3 Nb4 13. Qa4 c6 14. a3 Na6 15. e3 Nd6 16. b4 Nc7 17. Qb3 Be6 {0-1 (40) Prohaszka,P (2604)-Cori Tello,J (2601) Escaldes 2016}) 10... e5 11. Nbd2 $146 (11. cxd5 $11 Nb4 12. Qb3 exd4 13. exd4) ({Predecessor:} 11. dxe5 Nxe5 12. Nbd2 Nxc4 13. Nxc4 dxc4 14. Qxc4 Be6 15. Qh4 Bd5 16. Rfd1 Be4 17. Nd4 c5 18. Bxe4 Qxe4 19. Qxe4 Nxe4 {½-½ (29) Fodor,T (2383)-Kosic,D (2482) Budapest 2006}) 11... exd4 12. exd4 {The position is equal.} dxc4 13. Rfe1 Qf8 14. Qxc4 Be6 15. Qc3 Bd5 16. Nc4 h6 17. Rad1 Qb4 18. Ne3 Bxf3 (18... Bxa2 {is more complex.} 19. Ne5 Qxc3 20. bxc3 Nd5 21. Nxc6 bxc6 22. Rd2 Bb3) 19. Bxf3 Rxd4 20. Bxc6 Qxc3 21. bxc3 Rxd1 22. Rxd1 bxc6 $11 {[%mdl 4096] Endgame KRN-KRN} 23. Nf5 (23. Rd4 $11) 23... Re8 24. Rb1 g6 25. Nd4 c5 26. Nc6 Re2 27. a4 a6 28. Rb8+ Kg7 29. Ra8 Ne4 30. Rxa6 Nxf2 31. a5 Ra2 32. Ra8 (32. Ra7 $11 {remains equal.}) 32... Ne4 33. c4 {[#]} (33. Rc8 $17) 33... Nd2 $1 $19 34. a6 (34. h3 $17) 34... Nf3+ ({Don't do} 34... Nxc4 35. a7 $17) 35. Kf1 Rd2 $2 (35... Nxh2+ $19 36. Ke1 Nf3+ 37. Kd1 Nd4) 36. Ne5 $2 (36. h3 $11) 36... Nxe5 {KRN-KR} 37. a7 Ra2 ({Not} 37... Rxh2 {[#]} 38. Rg8+ $1 {[%mdl 512]} Kxg8 39. a8=Q+ Kg7 40. Qd5 $15) 38. Re8 Rxa7 39. Rxe5 {KR-KR} Ra5 40. Kg2 Kf6 41. Rd5 Ke6 42. h4 $2 (42. Rd2 {is a better defense.}) 42... c6 43. Rd8 Ra4 44. Re8+ Kf6 (44... Kd6 $142 45. Rf8 Ke6 46. Re8+ Kf6) 45. Rc8 $2 (45. Re4 {was the crucial defense.}) 45... Rxc4 46. Rxc6+ Kf5 47. Kh3 (47. Rc7 $142 f6 48. Rc6) 47... h5 48. Rc7 f6 49. Rc6 Rc2 50. Rc7 c4 51. Rc5+ Ke4 52. Rc6 Ke5 53. Rc5+ Kd4 54. Rc6 Rf2 55. Rd6+ Ke3 56. Re6+ Kd2 57. Rd6+ Kc2 58. g4 Rf3+ 59. Kg2 hxg4 60. Rd4 f5 61. Rxc4+ Kd3 62. Rc6 Ke4 63. Rxg6 Ra3 (63... Rh3 $142 64. Re6+ Kf4) 64. h5 Kf4 {Black mates.} 65. h6 Ra2+ 66. Kf1 Kf3 {[%cal Ra2a1]} 67. Ke1 Rh2 68. Ra6 g3 {[%cal Bg4g3,Bg3g2][%mdl 32]} 69. Ra3+ Kg4 70. Ra4+ f4 71. Ra6 Rh1+ 72. Kd2 g2 73. Rg6+ Kf3 {Precision: White = 31%, Black = 69%.} 0-1

[Event "RUS-chT Blitz Men 2018"]
[Site "Sochi"]
[Date "2018.10.10"]
[Round "11"]
[White "Bocharov, Dmitry"]
[Black "Antipov, Mikhail Al."]
[Result "0-1"]
[WhiteElo "2557"]
[BlackElo "2593"]
[Annotator "TA"]
[PlyCount "154"]
[EventDate "2018.10.10"]
[EventType "swiss"]
[EventCountry "RUS"]
[SourceTitle "playchess.com"]
[Source "ChessBase"]
[SourceQuality "1"]

{[%evp 9,154,27,36,39,34,27,44,44,56,39,83,79,81,89,81,81,96,76,86,81,87,79,87,88,93,81,112,74,87,37,87,75,91,90,101,66,64,57,66,35,43,35,35,35,35,35,35,35,33,32,37,37,37,14,34,34,87,75,84,51,70,62,62,9,87,87,87,87,87,87,87,87,87,84,86,86,107,86,107,0,37,37,37,0,0,0,0,0,0,0,0,0,0,0,0,0,0,0,0,0,0,0,0,0,0,0,0,0,0,0,0,0,0,0,0,0,0,0,0,0,0,0,0,-41,-54,-46,-53,-53,0,-8,-43,-29974,-29975,-29975,-29976,-29976,-29977,-29977,-29978,-29979,-29979,-29981,-29980,-29980,0,-29985,-29986]} 1. Nf3 Nf6 2. g3 d5 3. Bg2 c6 4. O-O a6 (4... Bf5 5. b3 e6 6. Bb2 Be7 7. d3 O-O 8. Nh4 Bg4 9. h3 Bh5 10. g4 Nfd7 11. Nf3 Bg6 12. Nbd2 a5 13. a3 Bf6 14. d4 Na6 {1-0 (58) Caruana,F (2822)-Aronian,L (2767) chess.com INT 2018}) 5. d3 Bf5 6. Nh4 $146 {A07: Réti Opening: New York and Capablanca Systems} ({Predecessor:} 6. Nbd2 e6 7. c4 Be7 8. a3 a5 9. Re1 O-O 10. Rb1 a4 11. b4 axb3 12. Qxb3 Ra7 13. cxd5 exd5 {0-1 (30) Vukovic,Z (2040)-Matveeva,S (2405) Bled 1994}) 6... Bg4 7. h3 Bc8 8. e4 {White is slightly better.} dxe4 9. dxe4 Qxd1 10. Rxd1 e5 11. Nd2 Be6 12. Nhf3 Bd6 13. b3 Nbd7 14. Ng5 Nf8 15. Bb2 Bc7 16. Nxe6 Nxe6 17. Nc4 Nd7 18. a4 O-O-O 19. a5 Rhe8 20. h4 Kb8 21. Bh3 f6 22. Bxe6 Rxe6 23. Ba3 Ree8 24. Kg2 Nf8 25. Bxf8 Rxf8 26. h5 Rxd1 27. Rxd1 $14 {[%mdl 4096] Endgame KRB-KRN} Kc8 28. Kf3 Rd8 29. Rh1 Kd7 30. Ke2 Ke6 31. c3 Rd7 32. g4 h6 (32... c5 $14) 33. b4 Bd6 34. Rd1 (34. Rb1 {is more complex.} Bc7 35. Ne3 c5 36. bxc5 Bxa5 37. Nd5) 34... Bf8 35. Rxd7 Kxd7 {KB-KN} 36. Ne3 (36. Nb6+ $14 Kc7 37. Kd3) 36... Ke6 (36... c5 $11) 37. Kd3 $16 Kd7 38. Kc4 Ke6 39. Nf5 Kf7 40. Kb3 Ke6 41. f3 Kd7 42. c4 Ke6 43. Ka4 Kd7 44. b5 (44. c5 $16) 44... Ke6 45. bxa6 bxa6 46. Kb3 (46. c5 $5) 46... Kf7 47. Kc3 Bc5 48. Nh4 Bf2 49. Ng2 Ke6 50. Kb4 Kd6 51. Kb3 $1 Kc5 52. Kc3 Bd4+ 53. Kb3 $1 Bf2 {...Kd4 is the strong threat.} 54. Kc3 Kd6 55. Kb4 Bc5+ 56. Kc3 Bf2 {Strongly threatening ...Kc5.} 57. Kb4 Kd7 58. Kc3 Ke6 59. Kb3 Kf7 60. Kc3 Bg3 61. Kb4 {Hoping for Kc5.} Bf2 62. Kc3 Ke7 63. Kb4 Kd6 64. Kb3 Ke6 65. Kc3 Kf7 66. Kb4 g6 67. Kc3 $1 gxh5 68. gxh5 {[#]} f5 $1 {[%mdl 512] White should prevent ...fxe4.} 69. Kd3 (69. exf5 Kf6) 69... f4 70. Kc3 $2 {[%mdl 8192]} (70. Ke2 $15 Bg3 71. c5) 70... Kf6 71. Kd3 Kg5 72. Ke2 Bg3 73. Kf1 Kxh5 74. Kg1 Kg5 75. Kh1 Bf2 76. Kh2 Bg3+ $2 (76... h5 {mates} 77. Kh1 Bg3 78. Kg1 h4 79. Kf1 h3 80. Kg1 hxg2 81. Kxg2 Be1 82. Kg1 Bxa5 83. Kf2 Kh4 84. Kf1 Kg3 85. Kg1 Bc3 86. Kf1 Kxf3 87. Kg1 Ke2 88. Kh2 f3 89. Kg3 f2 90. Kg4 f1=Q 91. Kh4 Qf7 92. Kg4 Qg6+ 93. Kh4 Be1+ 94. Kh3 Qg3#) 77. Kh3 $2 {[%mdl 8192] [#]} (77. Kh1 $11 h5 78. Kg1) 77... c5 {Precision: White = 62%, Black = 67%.} 0-1

[Event "RUS-chT Blitz Men 2018"]
[Site "Sochi"]
[Date "2018.10.10"]
[Round "11"]
[White "Sychev, Klementy"]
[Black "Artemiev, Vladislav"]
[Result "0-1"]
[WhiteElo "2534"]
[BlackElo "2706"]
[Annotator "TA"]
[PlyCount "102"]
[EventDate "2018.10.10"]
[EventType "swiss"]
[EventCountry "RUS"]
[SourceTitle "playchess.com"]
[Source "ChessBase"]
[SourceQuality "1"]

{[%evp 19,102,0,0,0,0,7,0,0,0,-2,0,0,0,0,0,0,0,0,32,25,30,21,11,18,34,34,27,13,31,19,52,50,71,71,69,69,142,115,182,166,238,84,70,92,75,31,31,10,161,92,152,97,81,0,134,78,61,11,30,0,156,20,137,126,351,0,0,-162,-154,-303,0,0,1143,-473,-475,-440,-244,-357,-233,-5406,-5406,-5173,-2502,-29997,-29991]} 1. e4 c6 2. d4 d5 3. Nd2 dxe4 4. Nxe4 Bf5 5. Ng3 Bg6 6. c3 Nf6 {B18: Caro-Kann (Hauptvariante)} (6... e6 7. Nh3 Bd6 8. Nf4 Nf6 9. h4 Bxf4 10. Bxf4 h6 11. h5 Bh7 12. Bc4 Nbd7 13. Qe2 O-O 14. O-O Re8 15. Rfe1 Nd5 16. Bd2 Qh4 {½-½ (45) Ponomariov,R (2706)-Grischuk,A (2747) Almaty 2016}) 7. h4 h6 8. Nh3 e6 9. Nf4 Bh7 10. Nfh5 Nbd7 {LiveBook: 4 Partien} 11. Bc4 Rg8 12. Qf3 Bd6 13. Bf4 Bxf4 14. Qxf4 Qa5 $146 ({Vorgänger:} 14... Nd5 15. Qf3 Qe7 16. O-O-O O-O-O 17. Ne4 e5 18. Nhg3 Rgf8 {0-1 (43) Peredy,F (2374)-Rausis,I (2486) Basel 2000}) 15. Nxf6+ Nxf6 16. O-O {[%cal Bh1f1,Bf1e1,Be1e5][%mdl 32]} O-O-O 17. Rfe1 Qc7 18. Qf3 Ne8 19. Re5 Nd6 20. Bd3 Bxd3 21. Qxd3 Ne8 22. Rae1 Nf6 23. Qf3 Rd5 24. Nh5 $36 {[%mdl 2048] Weiss kämpft um Vorteil.} Ne8 25. Nf4 Rd7 26. b4 Nd6 27. a4 {[%cal Ba2a4,Ba4a5][%mdl 32]} Nc4 (27... Qd8 $14) 28. Rc5 $16 Nb6 (28... Nd2 $16 29. Qe3 b6) 29. a5 Nd5 (29... Na4 {ist eine bessere Verteidigung.}) 30. Nxd5 $2 (30. Nd3 $1 $18 {ist viel giftiger.}) 30... Rxd5 31. a6 b6 32. Rxd5 cxd5 {[%mdl 4096] Endspiel KDT-KDT} 33. Re3 Kb8 $2 (33... b5 $11) 34. h5 (34. b5 $18) 34... Qd7 {[#]} (34... b5 $142) 35. Qf4+ (35. b5 $142 $1 {[%mdl 512]}) 35... Qc7 36. Qf3 ({Besser ist} 36. Qg4) 36... Qd7 $1 37. Qg4 (37. b5 $142 $1) 37... Kc8 38. Rf3 Qe7 39. c4 dxc4 $2 (39... f5 $11 40. Qg3 dxc4) 40. Qe4 (40. d5 $1 $16) 40... Kb8 (40... Qc7 $11) 41. d5 {[%mdl 1024] Weiss hat starke Kompensation.} Rc8 $2 (41... Rd8 $16 {kämpft weiter.}) 42. d6 $2 (42. Qe5+ $1 $18 Ka8 43. Qxg7) 42... Qd7 $11 {Und ...c3 würde nun gewinnen.} 43. Qe5 $2 (43. Qd4 $11 {und Weiss steht sicher.}) 43... f6 $19 44. Qd4 (44. Qg3 $17) 44... b5 $2 (44... Rc6 $19 {Weiss muss nun ...b5 beachten.} 45. b5 Qxd6 46. Qxd6+ Rxd6) 45. Rg3 $1 $11 Rc6 $2 {[%mdl 8192] [#]} (45... Rf8 $11) 46. Qe4 $4 {[%mdl 8192]} (46. Rxg7 $1 $18 {[%mdl 512] nur so kann Weiss gewinnen.} Qxg7 47. d7 Qxd7 48. Qxd7 Rxa6 49. Qxb5+ Rb6 50. Qxc4) 46... Rxd6 $19 47. Qh7 Rd1+ 48. Kh2 Rd5 49. Rxg7 $2 (49. Qg8+ Qd8 50. Qf7) 49... Rxh5+ 50. Kg3 Rg5+ 51. Kh4 Qxg7 {Precision: Weiß = 37%, Schwarz = 34%.} 0-1